000 00317pam a2200145 a 4500
020 _c
041 _aeng
082 _a576.163
_bFRA
100 _aFrazier Willfarm .
245 _aFood Microbiology
_hTextual Documents
250 _a2017.
260 _aNew Delhi
_bMcGraw Hill
300 _a492 pg .
930 _a9840
999 _c86745
_d86745